00672cam a22002171 4500001001300000003000400013005001700017008004100034010001700075035001900092040004500111042001200156050001800168082001000186100003500196245008400231260006000315300004300375500001900418999001700437sg 44000305 DLC20260227112744.0761015s1944 xx 000 0 eng c asg 44000305  a(OCoLC)2506482 aU.S. Surg.-gen. off Libr.cOdOCoLCdDLC apremarc00aR154.H659bA3 a926.11 aHopkins, Arthur Warren,d1877-10aPep, pills and politics;ban odyssey of two states,cby Arthur W. Hopkins, M.D. aBrattleboro, Vt.,bThe Vermont printing company,c1944. a239 p.bfront., plates, ports.c24 cm. aAutobiography. c90503d90503